Most Irreligious Orthodox Countries - Statistics

General Stats
  • This quiz has been taken 62 times
  • The average score is 4 of 5
Answer Stats
Percentage of those who practice their Faith Countries % Correct
19% Ukraine
85%
17% Greece
83%
24% Romania
81%
34% Armenia
70%
22% Cyprus
63%
No matching quizzes found
Score Distribution
Percent of People with Each Score
Percentile by Number Answered
Your Score History
You have not taken this quiz